| 000 | 00869nam a2200265Ia 4500 | ||
|---|---|---|---|
| 001 | 22097 | ||
| 005 | 20260320113342.0 | ||
| 008 | 260320s9999||||xx |||||||||||||| ||und|| | ||
| 020 | _a9786129916507 | ||
| 041 | _aESP | ||
| 082 |
_a345.7 _bH56A T. 2 |
||
| 100 |
_aHinostroza Minguez, Alberto, _eAUT |
||
| 245 | 0 |
_aCódigo procesal civil para jueces y abogados litigantes _b |
|
| 246 |
_a _5 _b |
||
| 250 | _aPrimera edición | ||
| 260 |
_aLima : _bGrupo Praxis, _c2025 |
||
| 300 |
_a1007 páginas : _b _c25 cm. _e |
||
| 440 |
_a(Derecho Procesal Civil) _n _v |
||
| 650 | _aCIS | ||
| 653 | _aDerecho; Derecho procesal civil; Código procesal civil | ||
| 654 | _aDER | ||
| 700 |
_a _c |
||
| 856 |
_uhttps://itmsp.museknowledge.com/UCSP?groupID=2&action=source&sourceID=TirantPalestra_IP _zVéase además: Base de datos Tirant Palestra |
||
| 942 |
_cLIB _dJUS _fTRC _2ddc _n |
||
| 999 |
_c22097 _d22097 |
||